|
|
|
|
| LEADER |
00000nam a22000007a 4500 |
| 005 |
20220907003848.0 |
| 007 |
cr|||| ||| |
| 008 |
220907s2021 pe |||||s|||| 00||0 spa d |
| 020 |
|
|
|a 9786123252359
|
| 035 |
|
|
|a 36962
|
| 040 |
|
|
|a vLex
|
| 090 |
|
|
|c 13884
|d 13884
|
| 100 |
1 |
|
|a Rivera-Rodrg̕uez, Hugo Alberto
|
| 245 |
1 |
0 |
|a Tres ensayos sobre democracia y ciudadana̕
|h [Recurso electrn̤ico] /
|c Hugo Alberto Rivera-Rodrg̕uez
|
| 256 |
|
|
|a Servicio en ln̕ea
|
| 260 |
|
|
|a Lima:
|b Palestra Editores,
|c 2021
|
| 300 |
|
|
|a 1 recurso electrn̤ico
|
| 500 |
|
|
|a Los tres ensayos que se recogen en el presente libro sera̕n, de por s,̕ interesantes trabajos para entender algunas cuestiones conceptuales relacionadas a la democracia, la representacin̤ y la ciudadana̕. Con ello, ya sera̕ suficiente para que estos textos despertasen el interš. Si a eso le sumamos el contexto particular de nuestro pas̕, relacionado a la inestabilidad polt̕ica, la crisis de representacin̤, y los movimientos ciudadanos que se han dado en algunos momentos clave, esta obra cobra una nueva dimensin̤ que nos permitir ̀relacionar la teora̕ con la realidad, y con ello tener mejores elementos de juicio y, por qu ̌no, una oportunidad para pensar en la ciudadana̕ desde una perspectiva distinta.
|
| 506 |
1 |
|
|a Disponible solo en los productos indicados
|d vLex Global
|d vLex Global (Academic Edition, excluding Law Schools)
|d vLex Global (U.S. Academic Edition, Law Schools)
|d vLex Global (U.S. Academic Edition, excluding Law Schools)
|d vLex Global (Academic Edition, Law Schools)
|
| 650 |
0 |
4 |
|a Derecho Constitucional
|z Per︢
|
| 740 |
0 |
|
|a vLex Libros (Servicio en ln̕ea)
|
| 856 |
4 |
0 |
|u https://app.vlex.com/#/sources/36962
|z Acceso restringido
|
| 942 |
|
|
|c BOOK
|
| 999 |
0 |
|
|a Constitutional right
|